[Event "35th Zalakaros Open 2016"]
[Site "Zalakaros HUN"]
[Date "2016.05.29"]
[Round "3.19"]
[White "Farago, Ivan"]
[Black "Czebe, Attila"]
[Result "0-1"]
[WhiteTitle "GM"]
[BlackTitle "GM"]
[WhiteElo "2391"]
[BlackElo "2454"]
[WhiteFideId "700134"]
[BlackFideId "705268"]
[EventDate "2016.05.27"]

1. d4 d6 2. Nf3 Nf6 3. c4 Bf5 4. Nc3 h6 5. Qb3 Qc8 6. g3 c6 7. Bg2 Nbd7 8. O-O
e5 9. Re1 Be7 10. e4 Bh7 11. Qd1 O-O 12. b3 b5 13. cxb5 cxb5 14. Bb2 b4 15. Na4
Nxe4 16. dxe5 Nc3 17. Qd2 dxe5 18. Nxc3 bxc3 19. Bxc3 Rd8 20. Qb2 f6 21. Ba5 Nb6
22. Nh4 Rb8 23. Rac1 Qa6 24. Bxb6 Rxb6 25. Rcd1 Rbd6 26. Rxd6 Qxd6 27. Be4 Bxe4
28. Rxe4 Qd1+ 29. Kg2 Rd2 30. Qc3 Rc2 31. Qf3 Qxf3+ 32. Kxf3 Rxa2 33. Rc4 Ra3
34. Rc7 Bd6 35. Rb7 Ra2 36. Nf5 Bf8 37. h4 h5 38. Rc7 a5 39. Ne3 Rb2 40. Rc3 Bb4
41. Rd3 Kf7 42. Nc4 Ra2 43. Re3 Ke6 44. Re2 Rxe2 45. Kxe2 Kd5 46. f3 Kd4 0-1

[Event "35th Zalakaros Open 2016"]
[Site "Zalakaros HUN"]
[Date "2016.05.29"]
[Round "3.20"]
[White "Smith, Bryan G"]
[Black "Michelle Catherina, P"]
[Result "1/2-1/2"]
[WhiteTitle "GM"]
[BlackTitle "WIM"]
[WhiteElo "2453"]
[BlackElo "2179"]
[WhiteFideId "2017083"]
[BlackFideId "5005736"]
[EventDate "2016.05.27"]

1. e4 e5 2. Nf3 Nc6 3. Bb5 a6 4. Ba4 Nf6 5. O-O Nxe4 6. d4 b5 7. Bb3 d5 8. dxe5
Be6 9. c3 Bc5 10. Qd3 Ne7 11. Be3 Bxe3 12. Qxe3 O-O 13. Nbd2 Nf5 14. Qe2 Nxd2
15. Qxd2 c5 16. Rad1 Ne7 17. Bc2 Bg4 18. Qf4 Qd7 19. Rfe1 Bxf3 20. Qxf3 Rad8 21.
Qe3 Qc6 22. f4 d4 23. cxd4 cxd4 24. Qd3 g6 25. Bb3 Nf5 26. e6 Ne3 27. exf7+ Kg7
28. Rd2 Nc4 29. Rc2 Rxf7 30. g3 Rc7 31. Rec1 Qe6 32. Bxc4 bxc4 33. Rxc4 Rxc4 34.
Rxc4 Qe3+ 35. Qxe3 dxe3 36. Rc7+ Kg8 37. Kf1 Rd2 38. Re7 Rxb2 39. a4 Rxh2 40.
Rxe3 Ra2 41. Re4 Kf7 1/2-1/2

[Event "35th Zalakaros Open 2016"]
[Site "Zalakaros HUN"]
[Date "2016.05.29"]
[Round "3.21"]
[White "Fogarasi, Tibor"]
[Black "Efimenko, Zahar"]
[Result "1/2-1/2"]
[WhiteTitle "GM"]
[BlackTitle "GM"]
[WhiteElo "2372"]
[BlackElo "2656"]
[WhiteFideId "700363"]
[BlackFideId "14107201"]
[EventDate "2016.05.27"]

1. e4 e5 2. Nf3 Nc6 3. Bb5 a6 4. Ba4 Nf6 5. d3 d6 6. c3 g6 7. Nbd2 Bg7 8. Nf1
O-O 9. Bg5 h6 10. Bh4 Ne7 11. Ne3 Be6 12. O-O c5 13. Bc2 Nh5 14. Bb3 Qd7 15.
Bxe7 Qxe7 16. Nd5 Qd8 17. a4 Nf6 18. Nxf6+ Qxf6 19. a5 h5 20. Nd2 Rad8 21. Bd5
Bxd5 22. exd5 Qe7 23. Nc4 f5 24. f4 Qf7 25. fxe5 dxe5 26. d6 e4 27. Qe2 Qe6 28.
dxe4 fxe4 29. Rxf8+ Bxf8 30. Re1 Bxd6 31. Qxe4 Qxe4 32. Rxe4 Kf7 33. g4 hxg4 34.
Rxg4 Kf6 35. Kg2 Bc7 36. Rh4 Kg7 37. Re4 Kf6 38. Rh4 Kg7 39. Re4 Kf6 40. Rh4 1/2-1/2

[Event "35th Zalakaros Open 2016"]
[Site "Zalakaros HUN"]
[Date "2016.05.29"]
[Round "3.22"]
[White "Kravtsiv, Martyn"]
[Black "Skawinski, Arkadiusz"]
[Result "1-0"]
[WhiteTitle "GM"]
[BlackTitle "FM"]
[WhiteElo "2641"]
[BlackElo "2367"]
[WhiteFideId "14113147"]
[BlackFideId "1126415"]
[EventDate "2016.05.27"]

1. Nf3 d5 2. g3 Nf6 3. Bg2 c6 4. c4 dxc4 5. O-O Nbd7 6. Na3 Nb6 7. Qc2 Be6 8.
Ne5 g6 9. Naxc4 Nxc4 10. Nxc4 Bg7 11. b3 Bd5 12. Bb2 Bxg2 13. Kxg2 Qd5+ 14. e4
Qh5 15. f3 O-O 16. d4 Nd7 17. Rad1 f5 18. d5 c5 19. Bxg7 Kxg7 20. Qc3+ Kg8 21.
d6 e6 22. Ne5 Nb6 23. exf5 Qxf5 24. Ng4 1-0

[Event "35th Zalakaros Open 2016"]
[Site "Zalakaros HUN"]
[Date "2016.05.29"]
[Round "3.23"]
[White "Del Rio De Angelis, Salvador G."]
[Black "Baskin, Robert"]
[Result "1/2-1/2"]
[WhiteTitle "GM"]
[BlackTitle "FM"]
[WhiteElo "2541"]
[BlackElo "2359"]
[WhiteFideId "2203138"]
[BlackFideId "24662402"]
[EventDate "2016.05.27"]

1. d4 Nf6 2. c4 g6 3. Nc3 d5 4. cxd5 Nxd5 5. e4 Nxc3 6. bxc3 Bg7 7. Nf3 c5 8.
Rb1 O-O 9. Be2 cxd4 10. cxd4 Qa5+ 11. Qd2 Qxd2+ 12. Bxd2 b6 13. d5 Ba6 14. Rc1
Bxe2 15. Kxe2 Na6 16. Rc4 f5 17. Rd1 fxe4 18. Rxe4 Nc7 19. Bb4 Rfd8 20. Bxe7
Nxd5 21. Bxd8 Nc3+ 22. Kf1 Nxe4 1/2-1/2

[Event "35th Zalakaros Open 2016"]
[Site "Zalakaros HUN"]
[Date "2016.05.29"]
[Round "3.24"]
[White "Aczel, Gergely"]
[Black "Nihal, Sarin"]
[Result "1-0"]
[WhiteTitle "IM"]
[BlackTitle "FM"]
[WhiteElo "2502"]
[BlackElo "2349"]
[WhiteFideId "727709"]
[BlackFideId "25092340"]
[EventDate "2016.05.27"]

1. d4 Nf6 2. c4 g6 3. f3 Bg7 4. e4 d6 5. Nc3 O-O 6. Be3 a6 7. Qd2 Nc6 8. b3 Rb8
9. Rc1 Re8 10. Nge2 Bd7 11. d5 Na5 12. Ng3 c5 13. e5 Nh5 14. Nxh5 gxh5 15. e6
fxe6 16. Bh6 Rf8 17. Bxg7 Kxg7 18. Bd3 Qe8 19. O-O b6 20. Rce1 Qf7 21. dxe6 Bxe6
22. Qe3 Bf5 23. Bxf5 Qxf5 24. Qxe7+ Kh8 25. Qxd6 Rfd8 26. Qc7 Qd7 27. Qe5+ Qg7
28. Qxg7+ Kxg7 29. Re7+ Kg6 30. Rfe1 Rd6 31. Nd5 b5 32. Nf4+ Kf5 33. R1e5+ Kxf4
34. g3+ Kxf3 35. Rf7+ 1-0

[Event "35th Zalakaros Open 2016"]
[Site "Zalakaros HUN"]
[Date "2016.05.29"]
[Round "3.25"]
[White "Tesik, Csaba"]
[Black "Deac, Bogdan-Daniel"]
[Result "0-1"]
[WhiteTitle "FM"]
[BlackTitle "IM"]
[WhiteElo "2333"]
[BlackElo "2501"]
[WhiteFideId "735582"]
[BlackFideId "1226380"]
[EventDate "2016.05.27"]

1. e4 e5 2. Nf3 Nc6 3. Bb5 a6 4. Ba4 Nf6 5. O-O Be7 6. Re1 b5 7. Bb3 d6 8. c3
O-O 9. h3 Nb8 10. d4 Nbd7 11. Nbd2 Bb7 12. Bc2 Re8 13. Nf1 Bf8 14. Ng3 g6 15. a4
Bg7 16. dxe5 dxe5 17. Qe2 c6 18. Be3 Qc7 19. Red1 Nf8 20. Bc5 Rad8 21. Qe3 Rd7
22. Bb3 h6 23. Bb6 Qb8 24. Ba7 Qc8 25. Bc5 Rxd1+ 26. Rxd1 N6d7 27. Bd6 c5 28.
axb5 axb5 29. Bd5 Ne6 30. Qd3 Bc6 31. Bxc6 Qxc6 32. Qd5 Qxd5 33. exd5 Nf4 34.
Ne4 c4 35. Bc7 Rc8 36. d6 f5 37. Ned2 e4 38. Ne1 Ra8 39. Nf1 Ra2 40. Rb1 Kf7 41.
Ne3 Nd3 42. Nxd3 cxd3 43. Nd5 d2 44. Rd1 Rxb2 45. Kf1 Be5 46. Ba5 Bxd6 47. Ke2
Ke6 48. Nb4 Ne5 49. Bb6 Nc4 50. Be3 f4 51. Bd4 Bxb4 52. cxb4 Rxb4 0-1

[Event "35th Zalakaros Open 2016"]
[Site "Zalakaros HUN"]
[Date "2016.05.29"]
[Round "3.26"]
[White "Loos, Roland"]
[Black "Nemeth, Miklos1"]
[Result "1/2-1/2"]
[BlackTitle "IM"]
[WhiteElo "2316"]
[BlackElo "2482"]
[WhiteFideId "4643232"]
[BlackFideId "720232"]
[EventDate "2016.05.27"]

1. e4 e5 2. Nf3 Nc6 3. Bb5 a6 4. Ba4 Nf6 5. O-O b5 6. Bb3 d6 7. c3 Bg4 8. Qe2
Be7 9. Rd1 Na5 10. Bc2 c5 11. d3 O-O 12. h3 Be6 13. Ng5 Bd7 14. Nd2 Re8 15. Nf1
Bf8 16. Ng3 Rc8 17. f4 h6 18. Nf3 Nc6 19. f5 d5 20. Nh2 Qb6 21. Nh5 Nxh5 22.
Qxh5 c4+ 23. Kh1 Qf2 24. Ng4 Qxc2 25. Nxh6+ gxh6 26. Bxh6 Ne7 27. Rd2 Qxd2 28.
Bxd2 cxd3 29. Re1 dxe4 30. Qg5+ Kh7 31. Qh5+ Kg8 32. Qg5+ Kh7 33. Rxe4 Nxf5 34.
Rh4+ Nxh4 35. Qxh4+ Kg8 36. Qg3+ Kh8 37. Qh4+ Kg8 38. Qg3+ Kh8 1/2-1/2

[Event "35th Zalakaros Open 2016"]
[Site "Zalakaros HUN"]
[Date "2016.05.29"]
[Round "3.27"]
[White "Romanishin, Oleg M"]
[Black "Piasetski, Leon"]
[Result "1/2-1/2"]
[WhiteTitle "GM"]
[BlackTitle "IM"]
[WhiteElo "2464"]
[BlackElo "2292"]
[WhiteFideId "14100088"]
[BlackFideId "2600072"]
[EventDate "2016.05.27"]

1. Nf3 d6 2. d4 g6 3. g3 Bg7 4. Bg2 Nf6 5. O-O O-O 6. a4 a5 7. Nc3 d5 8. Re1 Ne4
9. Bf4 c6 10. Nxe4 dxe4 11. Ne5 f6 12. Nc4 Be6 13. Nd2 f5 14. c3 h6 15. f3 exf3
16. exf3 Bf7 17. Qe2 Re8 18. Nc4 Nd7 19. Ne5 Nxe5 20. Bxe5 Bxe5 21. Qxe5 Bd5 22.
Qf4 Kh7 23. Re5 e6 24. Qd2 Qd7 25. f4 Kg7 26. Rae1 Kf7 27. Bf1 Rad8 28. Qe3 b6
29. Bg2 Rc8 30. Qf2 Bxg2 31. Kxg2 c5 32. dxc5 Rxc5 33. Rxc5 bxc5 34. Qxc5 Qxa4
35. Re2 Qd1 36. Qe3 Qd5+ 37. Qf3 Rd8 38. Qxd5 Rxd5 39. Kf3 a4 40. Rc2 e5 41.
fxe5 1/2-1/2

[Event "35th Zalakaros Open 2016"]
[Site "Zalakaros HUN"]
[Date "2016.05.29"]
[Round "3.28"]
[White "Barski, Radoslaw"]
[Black "Korpa, Bence"]
[Result "0-1"]
[BlackTitle "IM"]
[WhiteElo "2324"]
[BlackElo "2461"]
[WhiteFideId "1131710"]
[BlackFideId "706671"]
[EventDate "2016.05.27"]

1. e4 c5 2. Nf3 e6 3. d4 cxd4 4. Nxd4 Nc6 5. Nc3 Qc7 6. Be3 Nf6 7. f4 Bb4 8. Nb5
Qa5 9. e5 Nd5 10. Bd2 Nxc3 11. bxc3 Be7 12. c4 Qd8 13. Bd3 O-O 14. Qh5 g6 15.
Qh6 Nb4 16. Rb1 Nxd3+ 17. cxd3 d5 18. exd6 Bf6 19. O-O Bd7 20. Nc7 Rb8 21. f5
exf5 22. Nd5 Bc6 23. Nxf6+ Qxf6 24. Qf4 Rfe8 25. Rfe1 Re6 26. Rxe6 fxe6 27. Re1
Re8 28. d4 Kf7 29. Re5 Qd8 30. Re1 g5 31. Qe5 Qf6 32. Qc5 f4 33. Bc3 Kg6 34. Qb4
Qf5 35. Qb2 f3 36. Rf1 Qg4 37. Qf2 Qxg2+ 38. Qxg2 fxg2 39. Re1 Kf5 40. d5 exd5
41. cxd5 Rxe1+ 42. Bxe1 Bd7 43. Kxg2 Ke4 44. Bd2 g4 45. Kg3 Kxd5 46. Be3 b6 47.
Bf4 Kc4 48. Kh4 a5 49. Kg5 b5 50. Kf6 Kd5 51. Ke7 Kc6 52. Bh6 b4 53. Bd2 h5 54.
Be1 Bc8 55. Kd8 Bf5 56. Ke7 Bd7 57. Kf6 Kxd6 58. Kg5 Be8 59. Kf4 Bf7 60. a3 Kc5 0-1

[Event "35th Zalakaros Open 2016"]
[Site "Zalakaros HUN"]
[Date "2016.05.29"]
[Round "3.29"]
[White "Nomin-Erdene, Davaademberel"]
[Black "Gazik, Igor"]
[Result "0-1"]
[WhiteTitle "IM"]
[BlackTitle "IM"]
[WhiteElo "2448"]
[BlackElo "2302"]
[WhiteFideId "4900782"]
[BlackFideId "14900149"]
[EventDate "2016.05.27"]

1. e4 e5 2. Nf3 Nc6 3. Bb5 a6 4. Ba4 Nf6 5. d3 d6 6. a3 g6 7. h3 Bg7 8. Be3 O-O
9. Nc3 Be6 10. Bxc6 bxc6 11. d4 exd4 12. Nxd4 Bd7 13. Qd3 Re8 14. O-O c5 15.
Nde2 Nxe4 16. Nxe4 c4 17. Qd5 Re5 18. Qd4 Re6 19. Qd5 c6 20. Qxc4 d5 21. Qd3
Rxe4 22. Ng3 Re8 23. c3 a5 24. b4 Bc8 25. Rfe1 Ba6 26. Qd2 axb4 27. axb4 Qh4 28.
Rec1 Bb5 29. Rxa8 Rxa8 30. Ne2 Bxe2 31. Qxe2 Qc4 32. Qxc4 dxc4 33. Kf1 Ra2 34.
Ke1 f5 35. Kd1 Kf7 36. Rc2 Ra1+ 37. Ke2 Ke6 38. Bc5 Be5 39. Be3 f4 40. Bc1 Ra8
41. Kf3 Kf5 42. g4+ fxg3 43. fxg3 Rf8 44. Be3 Ke6+ 45. Ke4 Bxg3 46. Kd4 Rf3 47.
Re2 Kf5 48. Kxc4 Be5 49. h4 Rh3 50. Bd2 Rxh4+ 51. Kc5 Rh2 52. Rxh2 Bxh2 53. Kxc6
h5 54. Kd5 h4 55. Be3 h3 56. b5 g5 57. b6 Be5 58. Bg1 g4 0-1

[Event "35th Zalakaros Open 2016"]
[Site "Zalakaros HUN"]
[Date "2016.05.29"]
[Round "3.30"]
[White "Warakomska, Anna"]
[Black "Nguyen, Piotr"]
[Result "1/2-1/2"]
[WhiteTitle "WIM"]
[BlackTitle "IM"]
[WhiteElo "2298"]
[BlackElo "2446"]
[WhiteFideId "1130790"]
[BlackFideId "1127993"]
[EventDate "2016.05.27"]

1. e4 e6 2. d4 d5 3. Nd2 Nf6 4. e5 Nfd7 5. c3 c5 6. Bd3 Nc6 7. Ne2 a5 8. O-O a4
9. f4 a3 10. bxa3 c4 11. Bc2 g6 12. a4 Qa5 13. Nf3 Nb6 14. Be3 Nxa4 15. Qe1 Na7
16. Ng5 Be7 17. Rf3 Nb5 18. Bc1 h6 19. Rh3 Bd7 20. Kh1 Bf8 21. Qh4 Bg7 22. Nxf7
Kxf7 23. Bxg6+ Kf8 24. f5 exf5 25. e6 Bxe6 26. Nf4 Bd7 27. Bh5 Qd8 28. Ng6+ Kg8
29. Ne7+ Kf8 30. Ng6+ Kg8 31. Ne7+ 1/2-1/2

[Event "35th Zalakaros Open 2016"]
[Site "Zalakaros HUN"]
[Date "2016.05.29"]
[Round "3.31"]
[White "Kreisl, Robert"]
[Black "Balint, Vilmos"]
[Result "1-0"]
[WhiteTitle "IM"]
[WhiteElo "2439"]
[BlackElo "2289"]
[WhiteFideId "1613880"]
[BlackFideId "718050"]
[EventDate "2016.05.27"]

1. d4 Nf6 2. c4 e6 3. g3 Bb4+ 4. Bd2 c5 5. Bxb4 cxb4 6. Bg2 O-O 7. e4 d6 8. Ne2
a5 9. a3 Na6 10. axb4 Nxb4 11. Na3 e5 12. h3 b6 13. O-O Ba6 14. b3 Re8 15. Nc3
Rc8 16. Re1 Nd7 17. Ncb5 Bxb5 18. Nxb5 Qf6 19. dxe5 Nxe5 20. Qxd6 Re6 21. Qd2
Ned3 22. Red1 Nc5 23. Rab1 g5 24. f4 gxf4 25. gxf4 Nbd3 26. f5 Re5 27. Qe3 Rd8
28. Nc7 Qh4 29. Nd5 Rdxd5 30. cxd5 Nf4 31. d6 Rxe4 32. Bxe4 Nxe4 33. Kh2 Nxh3
34. Qxh3 Qf4+ 35. Kg2 Qf2+ 36. Kh1 Ng3+ 37. Qxg3+ 1-0

[Event "35th Zalakaros Open 2016"]
[Site "Zalakaros HUN"]
[Date "2016.05.29"]
[Round "3.32"]
[White "Tarhon, Brian"]
[Black "Nagy, Gabor1"]
[Result "1/2-1/2"]
[WhiteTitle "FM"]
[BlackTitle "IM"]
[WhiteElo "2285"]
[BlackElo "2439"]
[WhiteFideId "423190"]
[BlackFideId "737119"]
[EventDate "2016.05.27"]

1. e4 e5 2. Nf3 Nc6 3. Bb5 a6 4. Ba4 Nf6 5. O-O Be7 6. Re1 b5 7. Bb3 O-O 8. h3
d6 9. c3 a5 10. d4 a4 11. Bc2 Bd7 12. Na3 Rb8 13. d5 Na7 14. Be3 Rb7 15. b3 axb3
16. axb3 Qb8 17. Qe2 c6 18. c4 c5 19. b4 cxb4 20. Bxa7 Qxa7 21. Nxb5 Qc5 22. Bd3
Nh5 23. Qe3 Qxe3 24. fxe3 g6 25. Ra6 Bxb5 26. cxb5 f5 27. exf5 gxf5 28. Nd2 e4
29. Bc4 Bh4 30. Rb1 f4 31. Nxe4 fxe3 32. Rxd6 Rg7 33. Rh6 Bf2+ 34. Kh2 Nf4 1/2-1/2

[Event "35th Zalakaros Open 2016"]
[Site "Zalakaros HUN"]
[Date "2016.05.29"]
[Round "3.33"]
[White "Saravanan, V."]
[Black "Lalic, Bogdan"]
[Result "1/2-1/2"]
[WhiteTitle "IM"]
[BlackTitle "GM"]
[WhiteElo "2272"]
[BlackElo "2431"]
[WhiteFideId "5000580"]
[BlackFideId "409081"]
[EventDate "2016.05.27"]

1. Nf3 Nf6 2. c4 b6 3. g3 Bb7 4. Bg2 g6 5. d4 Bg7 6. O-O O-O 7. d5 Na6 8. Nc3
Nc5 9. Qc2 e6 10. e4 exd5 11. cxd5 Re8 12. Re1 c6 13. d6 Ba6 1/2-1/2

[Event "35th Zalakaros Open 2016"]
[Site "Zalakaros HUN"]
[Date "2016.05.29"]
[Round "3.34"]
[White "Nguyen, Thai Dai Van"]
[Black "Vegh, Endre"]
[Result "1-0"]
[WhiteTitle "FM"]
[BlackTitle "IM"]
[WhiteElo "2438"]
[BlackElo "2271"]
[WhiteFideId "358878"]
[BlackFideId "700568"]
[EventDate "2016.05.27"]

1. e4 g6 2. d4 Bg7 3. Nc3 Nc6 4. Nf3 d6 5. Be2 Bg4 6. Be3 Nf6 7. O-O O-O 8. h3
Bxf3 9. Bxf3 Re8 10. e5 dxe5 11. Bxc6 bxc6 12. dxe5 Nd5 13. Qd4 Qd7 14. Rfd1
Red8 15. f4 Qf5 16. Nxd5 Rxd5 17. Qc3 Qe6 18. Rd4 f6 19. Rc4 fxe5 20. Rxc6 Rd6
21. Rxd6 cxd6 22. fxe5 Kh8 23. Bd4 Qd5 24. Re1 a5 25. Qe3 Rc8 26. c3 dxe5 27.
Bxe5 Bf6 28. Bxf6+ exf6 29. b3 a4 30. c4 Qc6 31. Qd4 axb3 32. axb3 Ra8 33. Re7
Ra2 34. Qd8+ 1-0

[Event "35th Zalakaros Open 2016"]
[Site "Zalakaros HUN"]
[Date "2016.05.29"]
[Round "3.35"]
[White "Efroimski, Marsel"]
[Black "Vertetics, Attila"]
[Result "1/2-1/2"]
[WhiteTitle "WIM"]
[BlackTitle "IM"]
[WhiteElo "2268"]
[BlackElo "2425"]
[WhiteFideId "2810964"]
[BlackFideId "723720"]
[EventDate "2016.05.27"]

1. e4 c5 2. Nf3 e6 3. d4 cxd4 4. Nxd4 a6 5. Nc3 b5 6. Bd3 Bb7 7. O-O Nc6 8. Nxc6
Bxc6 9. Qe2 Bc5 10. a4 b4 11. Nd5 a5 12. Bf4 d6 13. Rfd1 Ne7 14. Nxe7 Qxe7 15.
Bb5 Rc8 16. Qd3 e5 17. Be3 Bxe3 18. Qxe3 O-O 19. c4 bxc3 20. bxc3 Qc7 21. Bxc6
Qxc6 22. Rd5 Qxc3 23. Qxc3 Rxc3 24. Rxa5 Rfc8 25. Rd5 R8c6 1/2-1/2

[Event "35th Zalakaros Open 2016"]
[Site "Zalakaros HUN"]
[Date "2016.05.29"]
[Round "3.36"]
[White "Rigo, Janos"]
[Black "Meszaros, Tamas"]
[Result "1/2-1/2"]
[WhiteTitle "IM"]
[BlackTitle "IM"]
[WhiteElo "2238"]
[BlackElo "2409"]
[WhiteFideId "700371"]
[BlackFideId "717410"]
[EventDate "2016.05.27"]

1. e4 e5 2. Nf3 Nc6 3. Bb5 Nf6 4. O-O Nxe4 5. Re1 Nd6 6. Nxe5 Be7 7. Bd3 Nxe5 8.
Rxe5 O-O 9. Nc3 Bf6 10. Re3 g6 11. b3 b6 12. Ba3 Bb7 13. Bxd6 cxd6 14. Be4 Bxe4
15. Rxe4 Bg7 16. d4 1/2-1/2

[Event "35th Zalakaros Open 2016"]
[Site "Zalakaros HUN"]
[Date "2016.05.29"]
[Round "3.37"]
[White "Ben Artzi, Ido"]
[Black "Hristodoulou, Panagiotis"]
[Result "1/2-1/2"]
[WhiteTitle "IM"]
[BlackTitle "FM"]
[WhiteElo "2399"]
[BlackElo "2245"]
[WhiteFideId "2810913"]
[BlackFideId "4214340"]
[EventDate "2016.05.27"]

1. d4 d5 2. c4 e6 3. Nc3 c6 4. e4 dxe4 5. Nxe4 Bb4+ 6. Bd2 Qxd4 7. Bxb4 Qxe4+ 8.
Ne2 Na6 9. Bf8 Ne7 10. Bxg7 Nb4 11. Qd6 Nd3+ 12. Kd2 Nf5 13. Qxd3 Qxd3+ 14. Kxd3
Nxg7 15. g3 b6 16. Bg2 Bb7 17. g4 O-O-O+ 18. Kc3 c5 19. Bxb7+ Kxb7 20. Rad1 h5
21. g5 Nf5 22. Rhg1 Kc8 23. Rxd8+ Kxd8 24. Nf4 Ke7 25. a3 Rd8 26. g6 Rg8 27. b4
fxg6 28. bxc5 bxc5 29. Rb1 g5 30. Rb7+ Kd6 31. Nxh5 Rh8 32. Ng3 Ke5 33. Rxa7
Rxh2 34. Ra5 1/2-1/2

[Event "35th Zalakaros Open 2016"]
[Site "Zalakaros HUN"]
[Date "2016.05.29"]
[Round "3.38"]
[White "Szalanczy, Emil"]
[Black "Costachi, Mihnea"]
[Result "1/2-1/2"]
[WhiteTitle "IM"]
[BlackTitle "FM"]
[WhiteElo "2218"]
[BlackElo "2397"]
[WhiteFideId "700347"]
[BlackFideId "1217518"]
[EventDate "2016.05.27"]

1. e4 e5 2. Nf3 Nc6 3. Bb5 a6 4. Ba4 Nf6 5. O-O Be7 6. Re1 b5 7. Bb3 d6 8. c3
O-O 9. h3 Na5 10. Bc2 c5 11. d4 Nd7 12. Nbd2 exd4 13. cxd4 Nc6 14. d5 Nce5 15.
a4 Bb7 16. Nxe5 Nxe5 17. f4 Ng6 18. Nf3 Re8 19. f5 Nf8 20. Bf4 c4 21. Kh2 b4 22.
a5 b3 23. Bb1 Bf6 24. Ra4 Rc8 25. Re2 Rc5 26. Be3 Rxa5 27. Rxc4 Rb5 28. Bd4 Nd7
29. Bd3 Bxd4 30. Nxd4 Rb6 31. Nxb3 Ne5 32. Rc3 Rb4 33. Bc2 a5 34. Rg3 Ba6 35.
Rf2 a4 36. Nd2 Qf6 37. Bxa4 Reb8 38. b3 Rd4 39. Bc6 Rb6 40. Qh5 Nd3 41. Rff3 Nc5
42. Rf4 Rxd2 43. Rfg4 Kf8 44. Qxh7 Ke7 45. Qg8 Rxc6 46. dxc6 Nd3 47. c7 Kd7 48.
Rxg7 Ne5 49. Qa8 Nf3+ 50. Rxf3 Qxg7 51. Qd8+ Kc6 52. c8=Q+ Bxc8 53. Qxc8+ Kb6
54. Qb8+ Ka6 55. Rg3 Qe5 56. Qc8+ Kb6 57. Qc3 Rd4 58. b4 Kb5 59. Qa3 Rxb4 60.
Qd3+ Kb6 61. Qd5 Rxe4 62. Qxe5 Rxe5 63. Rf3 d5 64. h4 Kc5 65. h5 d4 66. h6 Kc4
67. g4 d3 68. Rf1 f6 69. Kg3 d2 70. Rd1 Kd3 71. h7 Re8 72. g5 fxg5 73. f6 Rh8
74. f7 Ke2 75. Rxd2+ Kxd2 76. Kg4 Rxh7 77. f8=Q Rh4+ 78. Kxg5 Rd4 79. Qf3 Rd3
80. Qf2+ Kc3 81. Kf5 Kc4 82. Ke4 Rd7 83. Qf1+ Kc5 84. Qf8+ Kc6 85. Ke5 Rd5+ 86.
Ke6 Rd3 87. Qa8+ Kc5 88. Qa7+ Kc4 89. Ke5 Rd2 90. Qa6+ Kc3 91. Ke4 Rg2 92. Qf6+
Kc2 93. Qc6+ Kb3 94. Qb5+ Kc3 95. Qd3+ Kb2 96. Qd4+ Kc2 97. Qc4+ Kb2 98. Qb5+
Kc2 99. Qc5+ Kb2 100. Qb6+ Kc2 101. Qc7+ Kb1 102. Kd3 Rf2 103. Qh7 Kc1 104. Qh6+
Kb1 105. Qh1+ Kb2 106. Qb7+ Kc1 107. Qc6+ Kb1 108. Qb6+ Rb2 109. Qg6 Ka2 110.
Qe6+ Kb1 111. Kc3 Rc2+ 112. Kb3 Rb2+ 113. Ka3 Rd2 114. Qe4+ Kc1 115. Kb3 Kd1
116. Kc3 Rf2 117. Qe3 Rc2+ 118. Kb3 Rb2+ 119. Ka3 Re2 120. Qg5 Kc2 121. Qf4 Kc3
122. Qc1+ Kd4 123. Kb3 Re3+ 124. Kb4 Re2 125. Qf4+ Re4 126. Qd6+ Ke3+ 127. Kc3
Kf2 128. Qh2+ Kf3 129. Kd3 1/2-1/2

[Event "35th Zalakaros Open 2016"]
[Site "Zalakaros HUN"]
[Date "2016.05.29"]
[Round "3.39"]
[White "Laliena Solanes, Luis"]
[Black "Kohlweyer, Bernd"]
[Result "1/2-1/2"]
[BlackTitle "IM"]
[WhiteElo "2205"]
[BlackElo "2373"]
[WhiteFideId "2212560"]
[BlackFideId "4600622"]
[EventDate "2016.05.27"]

1. e4 c5 2. Nf3 e6 3. Nc3 Nc6 4. Bb5 Nge7 5. O-O Nd4 6. Nxd4 cxd4 7. Ne2 a6 8.
Bd3 Nc6 9. c3 Bc5 10. Qc2 Ba7 11. b3 b5 12. Bb2 dxc3 13. dxc3 Bb7 14. Rad1 Qe7
15. Kh1 Ne5 16. Nd4 O-O 17. Qe2 Bxd4 18. cxd4 Nxd3 19. Rxd3 f5 20. exf5 Rxf5 21.
Re3 Rc8 22. Re5 Qf7 23. f3 Qg6 24. Rxf5 Qxf5 25. Rc1 Rxc1+ 1/2-1/2

[Event "35th Zalakaros Open 2016"]
[Site "Zalakaros HUN"]
[Date "2016.05.29"]
[Round "3.40"]
[White "Perunovic, Milos"]
[Black "Boguszlavszkij, Jevgenyij"]
[Result "1-0"]
[WhiteTitle "GM"]
[BlackTitle "IM"]
[WhiteElo "2639"]
[BlackElo "2212"]
[WhiteFideId "921629"]
[BlackFideId "700614"]
[EventDate "2016.05.27"]

1. e4 e5 2. Nf3 Nc6 3. Bb5 a6 4. Ba4 d6 5. Bxc6+ bxc6 6. d4 Bg4 7. dxe5 dxe5 8.
Nbd2 f6 9. Qe2 Ne7 10. Nb3 Nc8 11. Be3 Bb4+ 12. c3 Bd6 13. Na5 Qd7 14. Rd1 O-O
15. O-O Qf7 16. h3 Be6 17. Qc2 Qh5 18. Nd2 f5 19. exf5 Bxf5 20. Ne4 Qg6 21. f3
Bxh3 22. Nxc6 Be6 23. c4 Qe8 24. Na5 Bb4 25. Nb7 Ne7 26. Nbc5 Nf5 27. Bf2 Bxc5
28. Nxc5 Rf6 29. Rfe1 Qh5 30. Qe4 Re8 31. Qg4 Qxg4 32. fxg4 Nd6 33. g5 Rg6 34.
Nxa6 Nxc4 35. Nxc7 Re7 36. Rd8+ Kf7 37. Bc5 Rxg5 38. Rf8+ 1-0

[Event "35th Zalakaros Open 2016"]
[Site "Zalakaros HUN"]
[Date "2016.05.29"]
[Round "3.41"]
[White "Miron, Lucian-Costin"]
[Black "Plichta, Kamil"]
[Result "1-0"]
[WhiteTitle "IM"]
[BlackTitle "FM"]
[WhiteElo "2524"]
[BlackElo "2336"]
[WhiteFideId "1210920"]
[BlackFideId "1141830"]
[EventDate "2016.05.27"]

1. e4 Nf6 2. e5 Nd5 3. d4 d6 4. Nf3 dxe5 5. Nxe5 c6 6. c3 Nd7 7. Nf3 N7f6 8. c4
Nc7 9. Nc3 Bg4 10. Be3 e6 11. h3 Bh5 12. g4 Bg6 13. Ne5 Ne4 14. Bg2 Nxc3 15.
bxc3 Be7 16. Nxg6 hxg6 17. Rb1 Qc8 18. Qb3 Kd7 19. O-O Rb8 20. Rfd1 Bd6 21. c5
Be7 22. c4 Rd8 23. Qa4 Ke8 24. Qxa7 Kf8 25. Qb6 g5 26. f4 Na8 27. Qa5 gxf4 28.
Bxf4 Bf6 29. Qc3 Nc7 30. g5 e5 31. gxf6 exf4 32. fxg7+ Kg8 33. d5 Qf5 34. Qd3
Qg5 35. Qf3 Na6 36. Rf1 Nxc5 37. Qxf4 Qxf4 38. Rxf4 Rbc8 39. Rbf1 Rc7 40. Rg4
Rd6 41. Rf5 Nd7 42. Rxf7 Rc8 43. Re7 1-0